Loreto College Library, Kolkata
WEBOPAC (ONLINE PUBLIC ACCESS CATALOGUE)

Experimental psychology (Record no. 18053)

MARC details
000 -LEADER
fixed length control field 00612nam a2200217Ia 4500
005 - DATE AND TIME OF LATEST TRANSACTION
control field 20221011131413.0
008 - FIXED-LENGTH DATA ELEMENTS--GENERAL INFORMATION
fixed length control field 131103s9999 xx 000 0 und d
020 ## - ISBN | অাই এস বি এন
ISBN | অাই এস বি এন 876926545
PRICE Rs.75.00
040 ## - CATALOGING SOURCE
Original cataloging agency Loreto College
041 ## - LANGUAGE CODE
Language code English
082 ## - DDC | ডিউই
Classification number | বর্গসংখ্যা 150.724
Book Number | গ্রন্থাঙ্ক MCG
100 ## - MAIN ENTRY--PERSONAL NAME | মুখ্য সংলেখ - ব্যাক্তিনাম
Personal name | ব্যাক্তিনাম McGuigan,F.J.
245 ## - TITLE STATEMENT | অাখ্যা বিবরণী
Title | অাখ্যা Experimental psychology
Sub title | উপঅাখ্যা Methods of research
Statement of responsibility | লেখকের দায়িত্বের বিবরণ F.J.McGuigan
250 ## - EDITION STATEMENT | সংস্করণ ক্ষেত্র
Edition statement | সংস্করণ 5th ed
260 ## - IMPRINT | প্রকাশনা ক্ষেত্র
Place of publication | প্রকাশ স্থান New Delhi
Name of publisher | প্রকাশকের নাম Prentice-Hall of India
Date of publication | প্রকাশ কাল 1990
300 ## - PHYSICAL DESCRIPTION |
Page / Vol. No | পৃষ্ঠা / খন্ড সংখ্যা xii,387p
504 ## - BIBLIOGRAPHY, ETC. NOTE
Bibliography, etc Includes bibliographical references and index
650 ## - SUBJECT ADDED ENTRY--TOPICAL TERM | বিষয় শিরোনাম - মূল বিষয়
Topical term | মূল বিষয় Experimental psychology
850 ## - HOLDING INSTITUTION
Holding institution LCLIB
942 ## - ADDED ENTRY ELEMENTS (KOHA)
Koha item type Books
Holdings
Withdrawn status Lost status Damaged status Not for loan Home library Current library Date acquired Total Checkouts Full call number Accession No. Date last seen Price effective from Koha item type Source of classification Date checked out Coded location qualifier
        Loreto College Loreto College 04/11/2013   150.724/MCG LCLIB/20554(c.l.)/PsySemLib483,484/Xeroxed127;128 B18558 04/11/2013 04/11/2013 Books      
        Loreto College Loreto College 04/11/2013   150.724/MCG LCLIB/20554(c.l.)/PsySemLib483,484/Xeroxed127;128 B18559 04/11/2013 04/11/2013 Books      
        Loreto College Loreto College 04/11/2013 5 150.724 MCG 20554 B19434 30/11/2018 04/11/2013 Books Dewey Decimal Classification 30/11/2018